000
00234nam a2200097Ia 4500
008
230915s9999 xx 000 0 und d
050
_a
HF 5657.4 .M 56 1991
100
_a
MINCH,ROLAND A.
245
0
_a
MANAGERIAL ACCOUNTING
942
_c
BK
999
_c
83013
_d
83013